Filozofia

Salvato in:
Dettagli Bibliografici
Natura: Sconosciuto
Lingua:slovacco
Pubblicazione: Bratislava INFOPRESS 2002
Soggetti:
Tags: Aggiungi Tag
Nessun Tag, puoi essere il primo ad aggiungerne!!

MARC

LEADER 00000 2a2200000 4500
001 0039174
005 20230925104146.8
022 |a 0046-385X 
041 0 |a slo 
044 |a SK 
245 1 0 |a Filozofia 
264 1 |a Bratislava  |b INFOPRESS  |c 2002 
773 0 |w eu_un_cat*s120050 
610 2 0 |a filozofia